000
00287pab a2200121 454500
008
180718b xxu||||| |||| 00| 0 eng d
100
_a
Bhatia, Prem
245
_a
A dangerous mixture
650
_a
Narasimha Rao, P.V.
650
_a
Government, Central
773
_a
Tribune
909
_a
22635
999
_c
22635
_d
22635